| 000 | 01101cam a2200301 a 4500 | ||
|---|---|---|---|
| 999 |
_c41147 _d41147 |
||
| 001 | 2580019 | ||
| 003 | OSt | ||
| 005 | 20210701115605.0 | ||
| 008 | 960619s1997 nyua b 001 0 eng | ||
| 010 | _a 96028311 | ||
| 020 | _a9780070700352 | ||
| 040 |
_aDLC _cDLC _dDLC |
||
| 050 | 0 | 0 |
_aQC254.2 _b.Z45 1997 |
| 082 | 0 | 0 |
_a536 _220 _bZEM/H |
| 100 | 1 |
_aZemansky, Mark Waldo, _d1900-1981 _98611 |
|
| 245 | 1 | 0 |
_aHeat and thermodynamics _cMark W. Zemansky, Richard H. Dittman. |
| 250 | _a7th ed. | ||
| 260 |
_aNew York : _bMcGraw-Hill, _cc2011. |
||
| 300 |
_axx, 507 p. : _bill. ; _c25 cm. |
||
| 504 | _aIncludes bibliographical references (p. 471-472) and index. | ||
| 650 | 0 | _aHeat. | |
| 650 | 0 | _aThermodynamics. | |
| 700 | 1 |
_aDittman, Richard _98612 |
|
| 856 | 4 | 2 |
_3Publisher description _uhttp://www.loc.gov/catdir/description/mh022/96028311.html |
| 906 |
_a7 _bcbc _corignew _d1 _eocip _f19 _gy-gencatlg |
||
| 942 |
_2ddc _cBK _h536 _iZEM/H _k536 _mZEM/H |
||